| 000 | 01424nam a22002897a 4500 | ||
|---|---|---|---|
| 999 |
_c422719 _d422719 |
||
| 003 | BLK | ||
| 005 | 20250509091624.0 | ||
| 008 | 200210b bu ||||| |||| 00| 0 bu d | ||
| 020 | _a9789545276606 | ||
| 040 | _aBLK | ||
| 041 |
_aBUL _cBUL |
||
| 080 |
_aОсновни закони и принципи във физиката. Теоретична физика - Абсолютно в отделните явления, принцип на действие и противодействие, на постоянство и изменчивост, причинност и вероятност, принцип на _b530.1 _z530.1 |
||
| 100 |
_aАл-Халили, Джим _eпърви автор _91299 |
||
| 139 |
_aАл-Халили, Джим _bА 46 |
||
| 245 |
_aКрасива наука _bСветът според физиката _cДжим Ал-Халили; прев. Владимир Германов |
||
| 260 |
_9209515 _aСофия _bДамян Яков _c2021 |
||
| 300 |
_a232 с. _c21 см |
||
| 380 | _a5 | ||
| 650 | 0 |
_9251450 _aФизика, теоретична |
|
| 650 | 0 |
_9256953 _aЯдрена физика |
|
| 650 | 0 |
_9331500 _aКвантова физика |
|
| 700 |
_9243620 _aГерманов, Владимир _eпрев. от англ. |
||
| 852 |
_bП _cП 530.1/А 46 |
||
| 942 |
_cKNG _n0 _s1 _019 |
||
| 944 |
_aCR _c2021-07-02 _k30542 _lРусанова Ирена |
||
| 999 | _d422719 | ||